000 01186nam a22003491a 4500
001 2014
003 FISKH
005 20231027154534.0
008 100922s2009 nyua j 000|0 eng|d
015 _aGBB0C0680
_2bnb
020 _a0312507046
020 _a9780312507046
040 _aStDuBDS
_beng
_cStDuBDS
_dUk
042 _aukblsr
050 _aTL230.T7828
082 0 4 _a629.224
_222
100 1 _aPriddy, Roger.
245 1 0 _aTrucks /
_cRoger Priddy.
260 _aNew York ;
_bPriddy,
_c2009.
300 _a10 unnumbered pages :
_bcolor illustrations ;
_c17 cm
490 0 _aSlide and find
500 _aBoard book.
500 _aSlide-the-tab book.
505 _aB
520 _aThe youngest readers will love this interactive book with doors to slide and colorful trucks on every page! Introducing different concepts from colors to occupations, this book is full of hidden surprises and questions to encourage learning. For ages 2 and up!
521 8 _a40
_bLexile estimate
521 8 _aB
_bRaz-Plus
650 0 _aTrucks
_vPictorial works
_vJuvenile literature.
650 0 _aToy and movable books.
650 0 _aBoard books.
942 _2ddc
_cBK
_n0
999 _c2014
_d2014